根据城区地形地图写出云南各地市 Yunnan cities on urban topographic map - Statistics

General Stats
  • This quiz has been taken 13 times
  • The average score is 11 of 16
Answer Stats
Picture Answer % Correct
大理
100%
昆明
100%
泸水
100%
景洪
80%
芒市
80%
保山
80%
普洱
70%
蒙自
70%
临沧
60%
曲靖
60%
香格里拉
60%
丽江
60%
玉溪
50%
文山
50%
昭通
50%
楚雄
50%
No matching quizzes found
Score Distribution
Percent of People with Each Score
Percentile by Number Answered
Your Score History
You have not taken this quiz